00933 2200205 4500001002100000005001500021035002000036008004100056245003200097100001800129250000600147260003800153300001200191084001400203082000800217650001000225520046800235990001200703990001200715INLIS00000000000133920240517080424 a0010-0524000574240517 1 ind 1 aThe Reunion /cTriani Retno aRetno, Triani a1 aYogyakarta :bSheila/ Andi,c2011 a256 hlm a813 TRI t a813 4aFiksi aLily Amelia Darmawan. 27 tahun. Writer LIFEsebuah majalah gaya hidup berkelas. Single and available. Menyukai laki-laki tinggitampanberkacamata. Lily adalah manusia, yang menurut tes psikologi, berkarakter cenderung melankolis yang perfeksionis. Meskipun sering mengingkari hal itu, Lily tak bisa mengubah kebiasaannya untuk memperhatikan hal-hal yang mendetail dan berpikir panjaaang dan jauuuh mengenai segala sesuatu, bahkan terlalu panjang dan terlalu jauh. a0741520 a0741521